000 00724nam a2200265Ia 4500
003 OSt
005 20221006145651.0
006 a|||||r|||| 00| 0
007 ta
008 221006b |||||||| |||| 00| 0 eng d
020 _c
_9.95
024 _a15,616
037 _cTextual
040 _aEASL
_cEASL
_beng
041 _2eng
_aeng
082 _aV41:51vN5, K8
100 _aHARRISON James P
_9654967
245 0 _aCommunists and Chinese peasant rebellions
_b A study in the rewriting of Chinese history
260 _aNew York
_bAtheneum
_c1969
300 _a363p.
_ccm.
490 _v RS
650 _aCEL
942 _hV41:51vN5, K8
_cTEXL
_2CC
999 _c1083702
_d1083702